000 01089nam a2200253 i 4500
003 CO-ViMGA
005 20230915224422.0
008 201218s2020 ck a|||ar|||| 00| pdspa d
020 _a9789585161139
040 _aCO-ViMGA
_bspa
_cCO-ViMGA
084 _aP HOL4
245 0 1 _a¡Hola!, que me lleva la ola
_brimas, juegos y versos
_c seleccion de Sergio Andricai­n ; ilustraciones de Ana Mari­a Londoño
250 _aEdicion especial
300 _a87 paginas
_bilustraciones
_c25 cm
490 0 _a(Nidos para la lectura. Yo empiezo a leer con otros
490 0 _aPlan Nacional de Lectura y Escritura Leer es mi Cuento / Ministerio de Cultura
650 1 7 _aCanciones infantiles hispanoamericanas
_vAntologi­as
_2LEMB
_9169231
650 1 7 _aJuegos de palabras
_vAntologias
_2LEMB
_9169232
650 1 7 _aLiteratura infantil hispanoamericana
_vAntologi­as
_2LEMB
_9169230
650 1 7 _aPoesi­a infantil hispanoamericana
_vAntologi­as
_2LEMB
_9169229
700 1 _aAndricai­n, Sergio
_e seleccionador
_9169233
700 1 _aLondoño, Ana Mari­a
_e ilustradora
_916896
942 _2ddc
_cBK
999 _c9157
_d9157